| Tag |
First Indicator |
Second Indicator |
Subfields |
| LEADER |
00000cam a2200000 a 4500 |
| 001 |
in00001221721 |
| 005 |
20151003052119.0 |
| 008 |
931216s1994 ctuab b 001 0 eng |
| 010 |
|
|
|a 93049615
|
| 020 |
|
|
|a 0313290547 (hardcover : alk. paper)
|
| 035 |
|
|
|a (OCoLC)29635734
|
| 035 |
|
|
|9 AGR3588AM
|
| 040 |
|
|
|a DLC
|c DLC
|d TXA
|d UtOrBLW
|
| 043 |
|
|
|a n-us---
|a e-fr---
|
| 049 |
|
|
|a TXAM
|
| 050 |
0 |
0 |
|a D810.L642
|b U653 1994
|
| 082 |
0 |
0 |
|a 940.54/2142
|2 20
|
| 100 |
1 |
|
|a Waddell, Steve R.
|
| 245 |
1 |
0 |
|a United States Army logistics :
|b the Normandy Campaign, 1944 /
|c Steve R. Waddell.
|
| 264 |
|
1 |
|a Westport, Conn. :
|b Greenwood Press,
|c 1994.
|
| 300 |
|
|
|a xvii, 190 pages :
|b illustrations, maps ;
|c 25 cm.
|
| 336 |
|
|
|a text
|b txt
|2 rdacontent
|
| 337 |
|
|
|a unmediated
|b n
|2 rdamedia
|
| 338 |
|
|
|a volume
|b nc
|2 rdacarrier
|
| 490 |
1 |
|
|a Contributions in military studies,
|x 0883-6884 ;
|v no. 155
|
| 504 |
|
|
|a Includes bibliographical references (pages [167]-182) and index.
|
| 650 |
|
0 |
|a World War, 1939-1945
|x Logistics
|z United States.
|
| 650 |
|
0 |
|a World War, 1939-1945
|x Campaigns
|z France
|z Normandy.
|
| 610 |
1 |
0 |
|a United States.
|b Army
|x Supplies and stores
|x History
|y 20th century.
|
| 610 |
1 |
0 |
|a United States.
|b Army
|x Transportation
|x History
|y 20th century.
|
| 830 |
|
0 |
|a Contributions in military studies.
|x 0883-6884 ;
|v no. 155.
|
| 999 |
|
|
|a MARS
|
| 999 |
f |
f |
|s 65163c70-1414-37d5-8e12-6ac38bf82726
|i 9a1b426c-2248-3fb3-93f6-67e3c946aa4b
|t 0
|
| 952 |
f |
f |
|p normal
|a Texas A&M University
|b College Station
|c Sterling C. Evans Library
|s Evans stk
|d Evans: Library Stacks
|t 0
|e D810.L642 U653 1994
|h Library of Congress classification
|i unmediated -- volume
|m A14819152625
|
| 998 |
f |
f |
|a D810.L642 U653 1994
|t 0
|l Evans: Library Stacks
|